00772cam a22002177a 4500003000500000005001700005008004100022010001000063011001000073035001000083040000900093100003900102245012600141260004100267300002200308502011700330650002700447650002200474650002100496650003700517CHAP20220329141841.0980302d1997 mx r 00110 spa d a74786 a75758 a85327 cCHAP00aReyes Bautista, Teófilo Heladio.10aEstrategias de exportación de flores frescas (el caso de VISAFLOR, S.A. de C.V.)c/por Teófilo Heladio Reyes Bautista aChapingo, Méx. :bEl autor,c1997. a88 h. :bgráfs. aTesis (Lic. en Comercio Internacional de Productos Agropecuarios) -- UACH. Departamento de Economía Agrícola14aFloresxExportación.14aFloresxMercadeo.14aRosasxMercadeo.14aRosasxTecnología postcosecha.